| 000 | 00686cam a22002291 4500 | ||
|---|---|---|---|
| 001 | gs 49000100 | ||
| 003 | DLC | ||
| 005 | 20260227111355.0 | ||
| 008 | 750610s1948 xx 000 0 eng | ||
| 010 | _ags 49000100 | ||
| 035 | _a(OCoLC)1383718 | ||
| 040 |
_aDLC _cFM _dDLC |
||
| 042 | _apremarc | ||
| 050 | 0 | 0 |
_aQE99 _b.A3 no. 32 |
| 082 | _a557.59 | ||
| 100 | 1 |
_aGunter, Herman, _d1885- |
|
| 245 | 1 | 0 |
_aElevations in Florida. _cBy Herman Gunter, director, and staff memebers, Florida Geological Survey. |
| 260 |
_aTallahassee, _c1948. |
||
| 300 |
_axxiii, 1158 p. _c24 cm. |
||
| 490 | 1 |
_aFlorida. Geological Survey. Geological bulletin _vno. 32 |
|
| 651 | 0 |
_aFlorida _xAltitudes. |
|
| 999 |
_c28352 _d28352 |
||